|
|
|
|
| LEADER |
01123nam a2200289 a 4500 |
| 008 |
090716r19991987enka b 000 0 eng d |
| 010 |
|
|
|a \\\86028413
|
| 020 |
|
|
|a 0521221560
|
| 020 |
|
|
|a 0521293715 (pbk.)
|
| 040 |
|
|
|a DLC
|c DLC
|d DLC
|
| 082 |
0 |
0 |
|a 822.3/3
|2 19
|
| 100 |
1 |
|
|a Shakespeare, William,
|d 1564-1616.
|
| 245 |
1 |
4 |
|a The merchant of Venice /
|c edited by M.M. Mahood.
|
| 260 |
|
|
|a Cambridge, Cambridgeshire ;
|a New York :
|b Cambridge University Press,
|c 1987.
|
| 300 |
|
|
|a xv, 190 p. :
|b ill. ;
|c 22 cm.
|
| 490 |
1 |
|
|a The New Cambridge Shakespeare
|
| 504 |
|
|
|a Bibliography: p. 189-190.
|
| 541 |
1 |
|
|e 00009321
|
| 650 |
|
0 |
|a Shylock (Fictitious character)
|v Drama.
|
| 650 |
|
0 |
|a Jews
|z Italy
|v Drama.
|
| 650 |
|
0 |
|a Moneylenders
|v Drama.
|
| 651 |
|
0 |
|a Venice (Italy)
|v Drama.
|
| 700 |
1 |
|
|a Mahood, M. M.
|q (Molly Maureen)
|
| 852 |
4 |
|
|a Ayesha Abed Library
|j General shelf
|
| 942 |
0 |
0 |
|0 1
|
| 999 |
|
|
|c 2743
|d 2743
|
| 952 |
|
|
|0 0
|1 0
|2 ddc
|4 0
|6 822_330000000000000_SHA
|7 0
|9 2520
|a BRACUL
|b BRACUL
|c GEN
|d 2009-07-23
|g 0.00
|l 25
|m 134
|o 822.33 SHA
|p 3010009321
|r 2025-01-18
|s 2024-12-24
|t 1
|w 2009-07-23
|y BK
|x No price found in the accession register.
|